[Event "SVK-ch U12"]
[Site "Liptovsky Mikulas"]
[Date "2017.04.23"]
[Round "2"]
[White "Antos, Martin"]
[Black "Babjarcik, Tobias"]
[Result "1/2-1/2"]
[WhiteElo "1364"]
[BlackElo "1052"]
[PlyCount "136"]
[EventDate "2017.04.22"]
[EventType "swiss"]
[EventRounds "9"]
[EventCountry "SVK"]
[SourceTitle "CBM 178 Extra"]
[Source "ChessBase"]
[SourceDate "2017.06.22"]
[SourceVersion "1"]
[SourceVersionDate "2017.06.22"]
[SourceQuality "1"]

1. c4 c5 2. Nc3 Nc6 3. Nf3 Nf6 4. g3 b6 5. Bg2 Bb7 6. 0-0 g6 7. d3 Bg7 8. Bg5 0-0 9. Qd2 Qc7 10. Bh6 Nd4 11. Nxd4 Bxg2 12. Kxg2 cxd4 13. Nb5 Qc6+ 14. Kg1 e5 15. Bxg7 Kxg7 16. Qg5 Rfe8 17. f4 exf4 18. Qxf4 Rxe2 19. Rf2 Rxf2 20. Qxf2 Ng4 21. Qxd4+ Nf6 22. Rf1 a6 23. Nc3 Re8 24. Ne4 Re6 25. Nxf6 Rxf6 26. g4 h6 27. h4 g5 28. h5 b5 29. b3 bxc4 30. dxc4 Qe6 31. Rf5 Qb6 32. Qxb6 Rxb6 33. Rd5 d6 34. Kf2 Kf6 35. Ke3 Ke6 36. Ke4 Rc6 37. Ra5 f6 38. Rf5 Rc5 39. Rxc5 dxc5 40. a3 a5 41. a4 Ke7 42. Kd5 Kd7 43. Kxc5 Ke6 44. Kd4 f5 45. gxf5+ Kxf5 46. c5 Ke6 47. Kc4 g4 48. Kd4 g3 49. Ke3 g2 50. Kf2 Kd5 51. Kxg2 Kxc5 52. Kg3 Kb4 53. Kg4 Kxb3 54. Kf5 Kxa4 55. Kg6 Kb4 56. Kxh6 a4 57. Kg6 a3 58. h6 a2 59. h7 a1Q 60. Kf7 Qd4 61. Kg8 Qd8+ 62. Kg7 Kc5 63. h8Q Qe7+ 64. Kg8 Kd6 65. Qd4+ Kc7 66. Qa7+ Kd6 67. Qb6+ Kd7 68. Qa7+ Ke6 1/2-1/2

[Event "SVK-ch U12"]
[Site "Liptovsky Mikulas"]
[Date "2017.04.22"]
[Round "1"]
[White "Bochnicka, Vladimir1"]
[Black "Antos, Martin"]
[Result "1-0"]
[WhiteElo "1890"]
[BlackElo "1364"]
[PlyCount "37"]
[EventDate "2017.04.22"]
[EventType "swiss"]
[EventRounds "9"]
[EventCountry "SVK"]
[SourceTitle "CBM 178 Extra"]
[Source "ChessBase"]
[SourceDate "2017.06.22"]
[SourceVersion "1"]
[SourceVersionDate "2017.06.22"]
[SourceQuality "1"]

1. e4 e6 2. d4 d5 3. exd5 exd5 4. c4 Bb4+ 5. Nc3 Nf6 6. Bd3 0-0 7. Nge2 c5 8. 0-0 dxc4 9. Bxc4 cxd4 10. Nxd4 Bg4 11. Qb3 Qe7 12. Bg5 h6 13. Bxf6 Qxf6 14. Qxb4 Nc6 15. Nxc6 bxc6 16. Bxf7+ Rxf7 17. Qxg4 Rb8 18. Ne4 Qxb2 19. Qe6 1-0

[Event "SVK-ch U10"]
[Site "Liptovsky Mikulas"]
[Date "2016.04.18"]
[Round "4"]
[White "Babjarcik, Tobias"]
[Black "Antos, Martin"]
[Result "0-1"]
[WhiteElo "1000"]
[BlackElo "1310"]
[PlyCount "160"]
[EventDate "2016.04.16"]
[EventType "swiss"]
[EventRounds "9"]
[EventCountry "SVK"]
[SourceTitle "CBM 172 Extra"]
[Source "ChessBase"]
[SourceDate "2016.06.21"]
[SourceVersion "1"]
[SourceVersionDate "2016.06.21"]
[SourceQuality "1"]

1. e4 e5 2. Nf3 Nf6 3. Nc3 Nc6 4. Bc4 Nxe4 5. Nxe4 d5 6. Bxd5 Qxd5 7. Nc3 Qd7 8. 0-0 b6 9. h3 Bb7 10. Re1 Bd6 11. a3 0-0-0 12. d3 Rhe8 13. b4 Re7 14. Nd5 Ree8 15. Ng5 h6 16. Nf3 Qe6 17. c4 Ne7 18. Nxe7+ Qxe7 19. d4 Qf6 20. Bb2 Bxf3 21. Qxf3 Qxf3 22. gxf3 exd4 23. Bxd4 Rxe1+ 24. Rxe1 Bxb4 25. axb4 Rxd4 26. c5 Rxb4 27. cxb6 Rxb6 28. Re7 Rf6 29. Kg2 Kd8 30. Re1 a5 31. Ra1 Ra6 32. f4 c5 33. Rc1 Rc6 34. Ra1 Ra6 35. Rc1 a4 36. Rxc5 a3 37. Rc1 a2 38. Ra1 Kc7 39. Kf3 Kc6 40. Ke3 Kc5 41. Kd3 Rd6+ 42. Kc3 Ra6 43. Kb3 Kd4 44. Kb2 Ke4 45. Re1+ Kxf4 46. Ka1 Kf3 47. Re7 Rf6 48. Kxa2 Kxf2 49. h4 g5 50. hxg5 hxg5 51. Rb7 Kg2 52. Rb4 Rf2+ 53. Kb1 f5 54. Kc1 g4 55. Kd1 f4 56. Ke1 g3 57. Rb5 f3 58. Rd5 Re2+ 59. Kd1 f2 60. Kxe2 f1Q+ 61. Ke3 Qf3+ 62. Kd4 Qd1+ 63. Ke4 Qxd5+ 64. Kxd5 Kf2 65. Ke4 g2 66. Kf4 g1Q 67. Kf5 Qg3 68. Ke4 Qf3+ 69. Ke5 Ke3 70. Kd6 Qe4 71. Kc5 Kd3 72. Kd6 Kd4 73. Kd7 Qg6 74. Ke7 Ke5 75. Kd7 Qe6+ 76. Kd8 Qf7 77. Kc8 Kd6 78. Kb8 Qd7 79. Ka8 Kc6 80. Kb8 Qb7# 0-1